Muntanyes de més de 3000 metres (Catalunya) - Statistics

General Stats
  • This quiz has been taken 37 times
  • The average score is 3 of 10
Answer Stats
Pista Metres Muntanya % Correct
PE 3.143 Pica d'Estats
100%
PV 3.129 Pic Verdaguer
39%
BN 3.008 Besiberri Nord
27%
BS 3.023 Besiberri Sud
27%
C 3.029 Comaloforno
24%
PA 3.014 Punta Alta de Comalesbienes
24%
PS 3.072 Pic de Sotllo
12%
TM 3.010 Tuc de Molières
12%
PG 3.114 Punta Gabarró
6%
RC 3.004 Rodó de Canalbona
3%
No matching quizzes found
Score Distribution
Percent of People with Each Score
Percentile by Number Answered
Your Score History
You have not taken this quiz